[Event "Krasnodar Region Cup"]
[Site "Krasnodar"]
[Date "2013.01.29"]
[Round "7"]
[White "Korolkov, Yury"]
[Black "Vartaniants, Mikhail"]
[Result "0-1"]
[WhiteElo "1792"]
[BlackElo "1904"]
[PlyCount "74"]
[EventDate "2013.01.23"]
[EventType "swiss"]
[EventRounds "8"]
[EventCountry "RUS"]
[SourceTitle "EXT 2023"]
[Source "ChessBase"]
[SourceDate "2022.10.05"]
[SourceVersion "1"]
[SourceVersionDate "2022.10.05"]
[SourceQuality "1"]

1. e4 c5 2. Nf3 Nc6 3. d4 cxd4 4. Nxd4 Nf6 5. Nc3 e5 6. Ndb5 d6 7. Bg5 a6 8. Na3 b5 9. Nd5 Qa5+ 10. Bd2 Qd8 11. Bd3 Nxd5 12. exd5 Ne7 13. c4 bxc4 14. Bxc4 Nf5 15. 0-0 Be7 16. Nc2 0-0 17. Bd3 Rb8 18. b3 Qe8 19. Qh5 g6 20. Qe2 Ra8 21. g4 Ng7 22. Nb4 f5 23. Bxa6 Rxa6 24. Nxa6 fxg4 25. Bh6 Nf5 26. Nc7 Nd4 27. Qd3 Qd8 28. Bxf8 Nf3+ 29. Kh1 Bxf8 30. Ne6 Qh4 31. Qxf3 gxf3 32. Rg1 Bxe6 33. dxe6 Bh6 34. Rg3 Bf4 35. e7 Kf7 36. Rag1 Bxg3 37. Rxg3 Qe4 0-1

[Event "Doroshkevich Memorial op"]
[Site "Sochi"]
[Date "2012.11.26"]
[Round "1"]
[White "Oganyan, Arsen"]
[Black "Korolkov, Yury"]
[Result "1-0"]
[WhiteElo "2261"]
[BlackElo "1799"]
[PlyCount "75"]
[EventDate "2012.11.26"]
[EventType "swiss"]
[EventRounds "9"]
[EventCountry "RUS"]
[SourceTitle "EXT 2014"]
[Source "ChessBase"]
[SourceDate "2013.11.20"]
[SourceVersion "1"]
[SourceVersionDate "2013.11.20"]
[SourceQuality "1"]

1. d4 Nf6 2. Nf3 c5 3. d5 d6 4. Nc3 g6 5. e4 Bg7 6. Be2 0-0 7. 0-0 Bg4 8. Nd2 Bxe2 9. Qxe2 a6 10. a4 b6 11. Nc4 Nbd7 12. h3 Qc7 13. Bf4 Nh5 14. Bh2 Qb7 15. Rab1 Rae8 16. Rfe1 b5 17. axb5 axb5 18. Na5 Qb6 19. Qxb5 Bxc3 20. bxc3 Qxb5 21. Rxb5 Rb8 22. c4 Rb6 23. Nc6 Re8 24. e5 dxe5 25. Nxe5 Rxb5 26. cxb5 Nb6 27. g4 Nf6 28. c4 Ra8 29. g5 Ne8 30. Nc6 Nxc4 31. Rxe7 Ned6 32. b6 Nxb6 33. Bxd6 Nxd5 34. Re5 Nf4 35. Rxc5 Ne6 36. Rb5 Ra1+ 37. Kh2 h6 38. Rb8+ 1-0